Statistics for WWE Royal Rumble 2005 Entrants Quiz

Click here to take the quiz!

General Stats

  • This quiz has been taken 87 times
  • The average score is 18 of 30

Answer Stats

EN Answer EL % Correct
25John Cena29
96%
27Kane22
95%
28BatistaW
95%
7Edge28
87%
8Rey Mysterio27
85%
1Eddie Guerrero11
82%
2Chris Benoit25
82%
11Chris Jericho21
76%
30Ric Flair26
75%
29Christian24
73%
19Shawn Michaels15
71%
20Kurt Angle14
64%
9Shelton Benjamin10
64%
4Hardcore Holly2
64%
10Booker T9
64%
3Daniel Puder1
55%
5The Hurricane3
53%
13Muhammad Hassan5
47%
26Gene Snitsky20
45%
16Charlie Haas13
45%
17Rene Dupree16
44%
14Orlando Jordan8
44%
12Luther Reigns7
42%
23Viscera17
42%
21Jonathan Coachman23
40%
24Paul London18
40%
15Scotty 2 Hotty6
35%
22Mark Jindrak19
35%
18Simon Dean12
35%
6Kenzo Suzuki4
33%

Score Distribution

Percentile by Number Answered

Percent of People with Each Score

Your Score History

You have not taken this quiz